Visualizzazione normale
Vista MARC
- Corelli Arcangelo
di Personal Name
Records bibliografici associati: 1
001 - CONTROL NUMBER
- control field: 6304
003 - CONTROL NUMBER IDENTIFIER
- control field: IT-RoPau
005 - DATE AND TIME OF LATEST TRANSACTION
- control field: 20131219145808.0
008 - FIXED-LENGTH DATA ELEMENTS
- fixed length control field: 131219|| aca||aabn | a|a d
040 ## - CATALOGING SOURCE
- Original cataloging agency: IT-RoPau
- Transcribing agency: IT-RoPau
100 ## - HEADING--PERSONAL NAME
- Personal name: Corelli Arcangelo
- Dates associated with a name: Codice autore musica SPICS: 7993
- Relator term: Autore musica
- Name of part/section of a work: Sonata in re minore op.V N.8: trombone tenore e organo
670 ## - SOURCE DATA FOUND
- Source citation: Work cat.: (IT-RoPau)102701: AA.VV 794, Saqueboute trombone e organo nell'Italia del sei e settecento (Lp Arn 416)